000 00838nmm a2200265 a 4500
001 ocm0001682950
003 TR-IsHL
005 20201028165656.0
008 171115s2012 tu tur
007 cr cn
020 _a9786058760448
035 _a1682950
_b(N$T)
050 0 4 _aDS51.O8
_bY87 2012
090 0 4 _aDS51.O8
_bY87 2012
100 1 _aYurtsever, Cezmi
245 1 0 _aOsmaniye tarihi
_h[electronic resource] /
_cCezmi Yurtsever
260 _aAdana :
_bÇukurovalı Yayınları,
_c2012
300 _a100 p.
650 4 _aTarih
650 4 _aHistory
650 0 _aOsmaniye (Türkiye)
_x Tarih
650 0 _aOsmaniye (Turkey)
_x History
650 7 _aHISTORY / Middle East / Turkey & Ottoman Empire
_2bisacsh
856 4 0 _uhttp://search.ebscohost.com/login.aspx?direct=true&scope=site&db=e011xww&AN=1682950
999 _c15932
_d15932